<?xml version="1.0" encoding="UTF-8"?>
<record
    xmlns:xsi="http://www.w3.org/2001/XMLSchema-instance"
    xsi:schemaLocation="http://www.loc.gov/MARC21/slim http://www.loc.gov/standards/marcxml/schema/MARC21slim.xsd"
    xmlns="http://www.loc.gov/MARC21/slim">

  <leader>01098nam a2200301Ia 4500</leader>
  <controlfield tag="001">Para_8730</controlfield>
  <controlfield tag="003">CHAP</controlfield>
  <controlfield tag="008">220125s2003    xx            000 0 und d</controlfield>
  <datafield tag="010" ind1=" " ind2=" ">
    <subfield code="a">205258</subfield>
  </datafield>
  <datafield tag="040" ind1=" " ind2=" ">
    <subfield code="c">CHAP</subfield>
  </datafield>
  <datafield tag="090" ind1=" " ind2=" ">
    <subfield code="a">PA TESIS 1724</subfield>
  </datafield>
  <datafield tag="100" ind1=" " ind2=" ">
    <subfield code="a">Aguilar Rodr&#xED;guez, Arturo</subfield>
    <subfield code="9">2833</subfield>
  </datafield>
  <datafield tag="245" ind1=" " ind2=" ">
    <subfield code="a">Nematodo dorado de la papa (Glodobera rostochiensis Wollenber, 1923; Behrens, 1975) identificaci&#xF3;n y evaluaci&#xF3;n de productos antinematodos en el municipio de Emiliano Zapata Tlaxcala /</subfield>
    <subfield code="c"> por Arturo Aguilar Rodr&#xED;guez</subfield>
  </datafield>
  <datafield tag="260" ind1=" " ind2=" ">
    <subfield code="a">Chapingo, M&#xE9;x. :</subfield>
    <subfield code="b"> el autor</subfield>
  </datafield>
  <datafield tag="300" ind1=" " ind2=" ">
    <subfield code="a">93 h.</subfield>
  </datafield>
  <datafield tag="502" ind1=" " ind2=" ">
    <subfield code="a">Tesis (M.C. Esp. Protecci&#xF3;n Vegetal) UACh. Departamento Parasitolog&#xED;a Agr&#xED;cola</subfield>
  </datafield>
  <datafield tag="650" ind1=" " ind2=" ">
    <subfield code="a">Globodera rostochiensis </subfield>
    <subfield code="9">48304</subfield>
  </datafield>
  <datafield tag="650" ind1=" " ind2=" ">
    <subfield code="a">Nematicidas</subfield>
    <subfield code="9">80808</subfield>
  </datafield>
  <datafield tag="650" ind1=" " ind2=" ">
    <subfield code="a">Nem&#xE1;todos par&#xE1;sitos de plantas </subfield>
    <subfield code="x"> control </subfield>
    <subfield code="9">170134</subfield>
  </datafield>
  <datafield tag="710" ind1=" " ind2=" ">
    <subfield code="a">UACh. Departamento Parasitolog&#xED;a Agr&#xED;cola</subfield>
    <subfield code="9">164025</subfield>
  </datafield>
  <datafield tag="901" ind1=" " ind2=" ">
    <subfield code="a">PA TESIS 1724</subfield>
  </datafield>
  <datafield tag="902" ind1=" " ind2=" ">
    <subfield code="a">A</subfield>
  </datafield>
  <datafield tag="905" ind1=" " ind2=" ">
    <subfield code="a">0000002003                             an  0000000000   00</subfield>
  </datafield>
  <datafield tag="910" ind1=" " ind2=" ">
    <subfield code="a">2003</subfield>
  </datafield>
  <datafield tag="942" ind1=" " ind2=" ">
    <subfield code="c">PARA</subfield>
  </datafield>
  <datafield tag="942" ind1=" " ind2=" ">
    <subfield code="c">PARA</subfield>
    <subfield code="d">1</subfield>
  </datafield>
  <datafield tag="999" ind1=" " ind2=" ">
    <subfield code="c">205258</subfield>
    <subfield code="d">205258</subfield>
  </datafield>
  <datafield tag="952" ind1=" " ind2=" ">
    <subfield code="0">0</subfield>
    <subfield code="1">0</subfield>
    <subfield code="2">local</subfield>
    <subfield code="4">0</subfield>
    <subfield code="7">0</subfield>
    <subfield code="8">TESIS</subfield>
    <subfield code="a">PA</subfield>
    <subfield code="b">PA</subfield>
    <subfield code="c">10</subfield>
    <subfield code="d">2005-10-27</subfield>
    <subfield code="f">PARA</subfield>
    <subfield code="l">0</subfield>
    <subfield code="p">PA_8452-2</subfield>
    <subfield code="r">2022-01-25 00:00:00</subfield>
    <subfield code="t">2</subfield>
    <subfield code="w">2022-01-25</subfield>
    <subfield code="y">TESIS</subfield>
    <subfield code="z">3</subfield>
  </datafield>
  <datafield tag="952" ind1=" " ind2=" ">
    <subfield code="0">0</subfield>
    <subfield code="1">0</subfield>
    <subfield code="2">local</subfield>
    <subfield code="4">0</subfield>
    <subfield code="7">0</subfield>
    <subfield code="8">TESIS</subfield>
    <subfield code="a">PA</subfield>
    <subfield code="b">PA</subfield>
    <subfield code="c">10</subfield>
    <subfield code="d">2005-10-27</subfield>
    <subfield code="f">PARA</subfield>
    <subfield code="l">0</subfield>
    <subfield code="p">PA_8452</subfield>
    <subfield code="r">2022-01-25 00:00:00</subfield>
    <subfield code="w">2022-01-25</subfield>
    <subfield code="y">TESIS</subfield>
    <subfield code="z">3</subfield>
  </datafield>
</record>
